GeoGuessr - US telephone area codes - Level 20 - Statistics

General Stats
  • This quiz has been taken 16 times
  • The average score is 31 of 81
Answer Stats
Hint Answer % Correct
321 Florida
71%
386 Florida
71%
407 Florida
71%
561 Florida
71%
813 Florida
71%
850 Florida
71%
863 Florida
71%
904 Florida
71%
269 Michigan
71%
239 Florida
57%
305 Florida
57%
352 Florida
57%
727 Florida
57%
754 Florida
57%
786 Florida
57%
954 Florida
57%
231 Michigan
57%
313 Michigan
57%
906 Michigan
57%
689 Florida
43%
772 Florida
43%
941 Florida
43%
773 Illinois
43%
248 Michigan
43%
517 Michigan
43%
616 Michigan
43%
810 Michigan
43%
989 Michigan
43%
336 North Carolina
43%
828 North Carolina
43%
919 North Carolina
43%
980 North Carolina
43%
217 Illinois
29%
224 Illinois
29%
312 Illinois
29%
447 Illinois
29%
618 Illinois
29%
630 Illinois
29%
708 Illinois
29%
779 Illinois
29%
847 Illinois
29%
872 Illinois
29%
586 Michigan
29%
679 Michigan
29%
734 Michigan
29%
947 Michigan
29%
252 North Carolina
29%
704 North Carolina
29%
743 North Carolina
29%
910 North Carolina
29%
984 North Carolina
29%
216 Ohio
29%
220 Ohio
29%
234 Ohio
29%
330 Ohio
29%
419 Ohio
29%
440 Ohio
29%
513 Ohio
29%
567 Ohio
29%
614 Ohio
29%
740 Ohio
29%
937 Ohio
29%
215 Pennsylvania
29%
223 Pennsylvania
29%
267 Pennsylvania
29%
272 Pennsylvania
29%
412 Pennsylvania
29%
484 Pennsylvania
29%
570 Pennsylvania
29%
610 Pennsylvania
29%
717 Pennsylvania
29%
724 Pennsylvania
29%
814 Pennsylvania
29%
309 Illinois
14%
331 Illinois
14%
464 Illinois
14%
730 Illinois
14%
815 Illinois
14%
283 Ohio
14%
380 Ohio
14%
878 Pennsylvania
14%
No matching quizzes found
Score Distribution
Percent of People with Each Score
Percentile by Number Answered
Your Score History
You have not taken this quiz